Raków Częstochowa 2024/2025 - Statystyki

Ogólne statystyki
  • Ten quiz został rozwiązany 83 razy
  • Średni wynik to 6 z 11
Statystyki odpowiedzi
Pozycja Zawodnik % Poprawnych
Bramkarz Kacper Trelowski
91%
Lewy skrzydłowy Ivi Lopez
82%
Stoper Stratos Svarnas
79%
Stoper Fran Tudor
74%
Środkowy napastnik Jonatan Brunes
74%
Prawy skrzydłowy Adriano Amorim
56%
Lewy wahadłowy Jean Carlos
54%
Prawy wahadłowy Eric Otieno
53%
Stoper Matej Rodin
28%
Środkowy pomocnik Gustav Berggren
11%
Środkowy pomocnik Vladislav Kochergin
9%
Nie znaleziono quizów pasujących do podanych kryteriów
Rozkład punktacji
Procent ludzi z każdym wynikiem
Percentyl według liczby udzielonych odpowiedzi
Twoja historia wyników
Nie rozwiązałeś tego quizu